| 000 | 00518nam a22001817a 4500 | ||
|---|---|---|---|
| 005 | 20240920125122.0 | ||
| 008 | 240918b |||||||| |||| 00| 0 eng d | ||
| 020 | _a978-93-6180-566-0 | ||
| 041 | _aeng | ||
| 082 | _a612 | ||
| 100 |
_aKUMAR, DR. VERENDRA AND PATIL, DR. PRAFULLA ADKAR _98516 |
||
| 245 | _aHUMAN ANATOMY AND PHYSIOLOGY- I [B.PHARMA, 1ST SEMESTER ] | ||
| 250 | _a2ND. ED. 2025 | ||
| 260 |
_aLUCKNOW _bTHAKUR PUBLICATION PVT.LTD. |
||
| 300 | _a192;P | ||
| 650 |
_aPHARMACY _xB.PHARMA |
||
| 942 | _cBK | ||
| 999 |
_c8644 _d8642 |
||